000 00318 a2200109 4500
001 ART_33055
005 20260410161926.0
008 260409a
245 1 0 _aEl agua como commodity y sus posibles consecuencias
100 1 _aLanciotti, Vanesa
773 0 _tLecturas
_g- NÂș 12 (jun. 2008)
_wREV19328
999 _c28188
_d28188